Big 12 Football Champions of the Century - Statistics

General Stats
  • This quiz has been taken 39 times
  • The average score is 22 of 25
Answer Stats
Year Champion % Correct
2024 Arizona State
100%
2021 Baylor
90%
2013 Baylor
90%
2014 Baylor/TCU
90%
2012 Kansas State/Oklahoma
90%
2020 Oklahoma
90%
2019 Oklahoma
90%
2018 Oklahoma
90%
2017 Oklahoma
90%
2016 Oklahoma
90%
2015 Oklahoma
90%
2010 Oklahoma
90%
2008 Oklahoma
90%
2007 Oklahoma
90%
2006 Oklahoma
90%
2023 Texas
90%
2009 Texas
90%
2004 Oklahoma
86%
2005 Texas
86%
2022 Kansas State
83%
2002 Oklahoma
83%
2011 Oklahoma State
79%
2000 Oklahoma
76%
2003 Kansas State
66%
2001 Colorado
62%
No matching quizzes found
Score Distribution
Percent of People with Each Score
Percentile by Number Answered
Your Score History
You have not taken this quiz